000 00432 a2200157 4500
003 Nust
005 20170207171856.0
040 _cNust
082 _a005.1
100 _aSaeed, Aisha BESE-18
245 _aModel Driven Visual Programming Language (MDVPL) (Hard / Soft-copy)
_cAisha Saeed, Asna Suhail Zaman,Muhammad Umer
260 _aMCS, NUST
_bRawalpindi
_cMay 2016
300 _a82 p
650 _aUG Projects
651 _aUG CSE Project
942 _cPRG
999 _c219399
_d219399